<?xml version="1.0" encoding="UTF-8"?>
<record
    xmlns:xsi="http://www.w3.org/2001/XMLSchema-instance"
    xsi:schemaLocation="http://www.loc.gov/MARC21/slim http://www.loc.gov/standards/marcxml/schema/MARC21slim.xsd"
    xmlns="http://www.loc.gov/MARC21/slim">

  <leader>01787    a2200217   4500</leader>
  <controlfield tag="001">47414</controlfield>
  <controlfield tag="005">20260407155741.0</controlfield>
  <controlfield tag="008">260407a1965    arg                 spa d</controlfield>
  <controlfield tag="003">AR-UNSa-BCEJYS</controlfield>
  <datafield tag="040" ind1=" " ind2=" ">
    <subfield code="a">AR-UNSa-BCEJYS</subfield>
    <subfield code="b">spa</subfield>
    <subfield code="c">AR-UNSa-BCEJYS</subfield>
  </datafield>
  <datafield tag="080" ind1=" " ind2=" ">
    <subfield code="a">330.35</subfield>
    <subfield code="x">Crecimiento econ&#xF3;mico</subfield>
  </datafield>
  <datafield tag="245" ind1="1" ind2="0">
    <subfield code="a">Capital y Crecimiento</subfield>
  </datafield>
  <datafield tag="264" ind1=" " ind2="1">
    <subfield code="a">Barcelona :</subfield>
    <subfield code="b">Bosch</subfield>
    <subfield code="c">1965</subfield>
  </datafield>
  <datafield tag="300" ind1=" " ind2=" ">
    <subfield code="a">383 p.</subfield>
    <subfield code="c">22 cm.</subfield>
  </datafield>
  <datafield tag="505" ind1=" " ind2=" ">
    <subfield code="a">Primera Parte : M&#xC9;TODOS DE ECONOM&#xCD;A DIN&#xC1;MICA : 1. Crecimiento, Din&#xE1;mica y Est&#xE1;tica - 2. El concepto de equilibrio - 3. El m&#xE9;todo est&#xE1;tico en la teor&#xED;a din&#xE1;mica - 4. Primitivos "modelos de crecimientos" / Adam Smith y Ricardo - 5. El m&#xE9;todo de Marshall - 6. El m&#xE9;todo del equilibrio temporal - 7. El m&#xE9;todo de Precios Fijos - 8. Stocks y flujos - 9. Un problema de Ajuste de Stocks - 10. Macrodin&#xE1;mica de ra&#xED;z keynesiana - 11. Macrodin&#xE1;mica de ra&#xED;z harrodiana  -- Segunda Parte : EQUILIBRIO DE CRECIMIENTO : 12. Esbozo del modelo - 13. Elecci&#xF3;n de la t&#xE9;cnica - 14. Muchos bienes de capital - 15. Participaci&#xF3;n de los factores en el equilibrio de crecimiento - 16. Transici&#xF3;n  -- Tercera Parte : CRECIMIENTO &#xD3;PTIMO : 17. Tipos de teor&#xED;a del &#xF3;ptimo - 18. El "equilibrio " de Von Neumann - 19. El teorema del TURNPIKE o de la trayectoria eficiente : su importancia - 20. La frontera intertemporal de la producci&#xF3;n - 21. Ahorro &#xF3;ptimo - 22. Inter&#xE9;s y crecimiento  -- Cuarta Parte : DESPU&#xC9;S DE LA TEOR&#xCD;A DEL CRECIMIENTO : 23. Keynes despu&#xE9;s de la teor&#xED;a del crecimiento - 24. La funci&#xF3;n de producci&#xF3;n.</subfield>
  </datafield>
  <datafield tag="942" ind1=" " ind2=" ">
    <subfield code="c">BK</subfield>
  </datafield>
  <datafield tag="590" ind1=" " ind2=" ">
    <subfield code="a">niveau_biblio:m niveau_hierar:0</subfield>
  </datafield>
  <datafield tag="100" ind1="1" ind2=" ">
    <subfield code="a">Hicks, John Richard</subfield>
  </datafield>
  <datafield tag="700" ind1="1" ind2=" ">
    <subfield code="a">Bosch Domenech, Antonio</subfield>
  </datafield>
  <datafield tag="856" ind1="4" ind2="1">
    <subfield code="u">https://www.biblioeco.unsa.edu.ar/pmb/images/libros/L127495.jpg</subfield>
    <subfield code="y">Imagen de portada</subfield>
    <subfield code="q">image/jpeg</subfield>
  </datafield>
  <datafield tag="999" ind1=" " ind2=" ">
    <subfield code="c">4353</subfield>
    <subfield code="d">4353</subfield>
  </datafield>
  <datafield tag="952" ind1=" " ind2=" ">
    <subfield code="0">0</subfield>
    <subfield code="1">0</subfield>
    <subfield code="4">0</subfield>
    <subfield code="7">0</subfield>
    <subfield code="a">BCEJYS</subfield>
    <subfield code="b">BCEJYS</subfield>
    <subfield code="c">16</subfield>
    <subfield code="d">2026-04-07</subfield>
    <subfield code="l">0</subfield>
    <subfield code="o">330.35 H631</subfield>
    <subfield code="p">L127495</subfield>
    <subfield code="r">2026-04-07 15:57:41</subfield>
    <subfield code="w">2026-04-07</subfield>
    <subfield code="y">L</subfield>
  </datafield>
  <datafield tag="952" ind1=" " ind2=" ">
    <subfield code="0">0</subfield>
    <subfield code="1">0</subfield>
    <subfield code="4">0</subfield>
    <subfield code="7">0</subfield>
    <subfield code="a">BCEJYS</subfield>
    <subfield code="b">BCEJYS</subfield>
    <subfield code="c">16</subfield>
    <subfield code="d">2026-04-07</subfield>
    <subfield code="l">0</subfield>
    <subfield code="o">330.35 H631</subfield>
    <subfield code="p">L39452</subfield>
    <subfield code="r">2026-04-07 15:57:41</subfield>
    <subfield code="w">2026-04-07</subfield>
    <subfield code="y">L</subfield>
  </datafield>
</record>
